Datum a čas kvízu
26
Celkem bodů
Celkový počet nahraných bodů na tomto kvízu bez doplňovacích otázek.
9.
Pořadí na kvízu
Konečné umístění týmu na tomto kvízu.
Zaznamenané odpovědi
| # | Otázka | Odpověď | Body | Výsledky |
|---|---|---|---|---|
| 1. | Uveďte lidový název pěvce, jen... | černohlávek | 0 | |
| 2. | Jeden americký stát zasáhla vl... | Florida | 1 | |
| 3. | Minulý týden byl představen tr... | Michael | 0 | |
| 4. | Do aukční historie se nově zap... | Rembrandt (Harmenszoon van Rijn) | 1 | |
| 5. | V pátek byly zahájeny zimní ol... | David Pastrňák; Lucie Charvátová | 1 | |
| 6. | 29. května roku 1500 umírá pob... | Bartolomeu Dias | 0 | |
| 7. | 8. února 1700 se narodil Danie... | A) proudění tekutin | 1 | |
| 8. | Za kulatý letopočet budeme dne... | Brouček | 1 | |
| 9. | 19. března 1900 se v Paříži na... | Frédéric Joliot-Curie | 0 | |
| 10. | Od 15. září do 1. října 2000 s... | Jan Železný; Sydney | 0.5 |